000 00254nam a2200109Ia 4500
008 190914s9999||||xx |||||||||||||| ||und||
100 _aLouisa M. Alcott
245 0 _aLittle Women
260 _aNew Delhi
_bBantam Books
_c1999
300 _a610
942 _cBK
999 _c9041
_d9041